| 000 | 01381nmc a2200493 a 4500 | ||
|---|---|---|---|
| 003 | AR-BaBNM | ||
| 005 | 20251128202718.0 | ||
| 008 | 155020s2002 ||||||||||||||000 | spa|| | ||
| 020 | _a950-9467-88-X | ||
| 040 | _cAR-BaBNM | ||
| 245 | 1 | 0 |
_aTrastornos del desarrollo infantil _balgunas reflexiones interdisciplinarias |
| 250 | _a1ª ed. | ||
| 260 |
_aBuenos Aires _bMiño y Dávila _c2002 |
||
| 300 | 0 | _a256 p. | |
| 490 | 0 | _aRetardo mental y educación especial | |
| 504 | _aBibliografía al final de cada capítulo | ||
| 650 | 4 | _aEDUCACION ESPECIAL | |
| 650 | 4 | _aHIPERCINESIA | |
| 650 | 4 | _aATENCION | |
| 650 | 4 | _aSEXUALIDAD | |
| 650 | 4 | _aAUTISMO | |
| 650 | 4 | _aEPILEPSIA | |
| 653 | 0 | _aMUSICOTERAPIA | |
| 653 | _aDISCAPACITADOS | ||
| 653 | _aDISCAPACIDAD MENTAL | ||
| 653 | _aTRASTORNOS DEL LENGUAJE | ||
| 700 | 1 | _aTallis, Jaime | |
| 700 | 1 | _aReboiras, Juan Carlos | |
| 700 | 1 | _aBlanco, María del Carmen | |
| 700 | 1 | _aCattáneo, Mónica | |
| 700 | 1 | _aInnocenti, Gabriela | |
| 700 | 1 | _aMarrón, Juana | |
| 700 | 1 | _aCalmels, Daniel | |
| 700 | 1 | _aCasarella, Jorge | |
| 700 | 1 | _aBottini, Pablo | |
| 700 | 1 | _aPapalía, Mónica | |
| 700 | 1 | _aSaavedra Saenz Valiente, Carmen | |
| 700 | 1 | _aStaszauer, Margarita | |
| 700 | 1 | _aBogarin, Ana M. | |
| 700 | 1 | _aLeonard, Alicia | |
| 800 | 1 | _aTallis, Jaime | |
| 942 | _cBK | ||
| 998 | _cme-solo cat | ||
| 999 |
_c208 _d208 |
||